|
|
|
|
| LEADER |
00000nab a2200000 a 4500 |
| 001 |
vtls010581139 |
| 003 |
SK-MaSNL |
| 005 |
20260426071244.0 |
| 008 |
140307c1991 xo kr 000 c0ukr |
| 015 |
|
|
|a SNBRA2014/02
|
| 038 |
|
|
|a SVKPOCL
|
| 040 |
|
|
|a SVKPOCL
|b slo
|c SVKPOCL
|e AACR2
|
| 041 |
0 |
|
|a ukr
|
| 044 |
|
|
|a xo
|c SK
|
| 080 |
|
|
|a 80(=16)+908(4)
|2 2001
|
| 080 |
|
|
|a 80(=161.2)+908(477)
|2 2001
|
| 080 |
|
|
|a 821.161.25(437.6)
|2 2001
|
| 080 |
|
|
|a 821.161.25(437.6)-1
|2 2001
|
| 100 |
1 |
|
|a Halčáková, Anna,
|d 1929-2006
|4 aut
|9 198849
|
| 245 |
1 |
0 |
|a Holos materi
|c Anna Halčak
|
| 650 |
0 |
7 |
|a rusínska literatúra
|z Slovensko
|2 svkpocl
|9 1032171
|
| 650 |
0 |
7 |
|a slavistika
|2 svkpocl
|9 4282
|
| 650 |
0 |
7 |
|a ukrajinistika
|2 svkpocl
|9 51200
|
| 650 |
0 |
7 |
|a rusínska poézia
|z Slovensko
|2 svkpocl
|9 1032172
|
| 651 |
|
7 |
|a Slovensko
|2 svkpocl
|9 14231
|
| 651 |
|
7 |
|a rusínske básne
|2 svkpocl
|9 1325698
|
| 773 |
0 |
|
|a Hirjak, Michal, 1933-2007 [ed.]
|t Narodnyj kalendar 1992
|d Bratislava : Slovac'ke pedahohične vydavnyctvo ; Prjašiv : Viddil ukrajins'koji literatury, 1991
|g S. 24-25
|z 8008011890
|
| 852 |
|
|
|a SVKPO
|b KIS3GCP
|
| 958 |
|
|
|a SK
|
| 958 |
|
|
|a LX
|
| 958 |
|
|
|a RN
|
| 999 |
|
|
|c 2676697
|d 2678627
|